Bevölkerungsreichste Länder - Whammies - Statistiken

Allgemein
  • Dieses Quiz wurde 4.905 mal gespielt
  • Das Durchschnittsergebnis liegt bei 14 aus 20
Antwortstatistiken
Bevölkerung Land % Korrekt
1.43 mil China
99%
1.46 mil Indien
99%
350 mio Vereinigte Staaten
98%
84.4 mio Deutschland
93%
144 mio Russland
92%
212 mio Brasilien
91%
123 mio Japan
82%
285 mio Indonesien
78%
131 mio Mexiko
78%
235 mio Nigeria
73%
253 mio Pakistan
72%
175 mio Bangladesch
65%
117 mio Ägypten
58%
87.6 mio Türkei
55%
92.0 mio Iran
54%
111 mio Demokratische Republik Kongo
53%
71.6 mio Thailand
51%
116 mio Philippinen
46%
101 mio Vietnam
46%
134 mio Äthiopien
45%
Keine übereinstimmenden Quizze gefunden
Verteilung der Resultate
Anzahl Personen mit jedem Resultat
Perzentil nach korrekt beantworteten Fragen
Ihre Resultats-Entwicklung
Sie haben dieses Quiz noch nicht gespielt